000
00275nam a2200121 a 4500
005
20140513081050.0
008
020606s19uu xx 00 eng d
050
_a
P 535.6
_b
WHI
245
_a
Name the colors.
300
_a
Poster
650
_a
Coins--Poster
999
_c
116302
_d
116302